<?xml version="1.0" encoding="UTF-8"?>
<record
    xmlns:xsi="http://www.w3.org/2001/XMLSchema-instance"
    xsi:schemaLocation="http://www.loc.gov/MARC21/slim http://www.loc.gov/standards/marcxml/schema/MARC21slim.xsd"
    xmlns="http://www.loc.gov/MARC21/slim">

  <leader>00656nam a22001937a 4500</leader>
  <datafield tag="999" ind1=" " ind2=" ">
    <subfield code="c">170160</subfield>
    <subfield code="d">170160</subfield>
  </datafield>
  <controlfield tag="005">20191211154153.0</controlfield>
  <datafield tag="010" ind1=" " ind2=" ">
    <subfield code="a">A-442817</subfield>
  </datafield>
  <datafield tag="020" ind1=" " ind2=" ">
    <subfield code="c">50.00</subfield>
    <subfield code="a">-</subfield>
  </datafield>
  <datafield tag="035" ind1=" " ind2=" ">
    <subfield code="a">A-442817</subfield>
  </datafield>
  <datafield tag="037" ind1=" " ind2=" ">
    <subfield code="b">BPPD</subfield>
  </datafield>
  <datafield tag="082" ind1=" " ind2=" ">
    <subfield code="a">270.33</subfield>
  </datafield>
  <datafield tag="100" ind1=" " ind2=" ">
    <subfield code="a">&#x646;&#x638;&#x627; &#x645; &#x627; &#x644;&#x62F; &#x64A;&#x646; &#x627; &#x648; &#x644;&#x64A;&#x627;&#x621; &#x645;&#x62D;&#x628;&#x648; &#x628; &#x627;&#x644;&#x6C1;&#x6CC;</subfield>
  </datafield>
  <datafield tag="245" ind1=" " ind2=" ">
    <subfield code="a">&#x633;&#x64A;&#x631; &#x62A; &#x646;&#x638;&#x627; &#x645;&#x6CC; </subfield>
    <subfield code="c">&#x646;&#x638;&#x627; &#x645; &#x627; &#x644;&#x62F; &#x64A;&#x646; &#x627; &#x648; &#x644;&#x64A;&#x627;&#x621; &#x645;&#x62D;&#x628;&#x648; &#x628; &#x627;&#x644;&#x6C1;&#x6CC; </subfield>
  </datafield>
  <datafield tag="246" ind1=" " ind2=" ">
    <subfield code="a">Sirat-e-Nazami  (Urdu)</subfield>
    <subfield code="b">Nizamuddin Aulia Mehboob-e-Ilahi</subfield>
  </datafield>
  <datafield tag="260" ind1=" " ind2=" ">
    <subfield code="a">N.Delhi</subfield>
    <subfield code="c">1990 &#x621; </subfield>
    <subfield code="b">Roohani Markaz</subfield>
  </datafield>
  <datafield tag="270" ind1=" " ind2=" ">
    <subfield code="a">Dargah Nizamuddin Aolia</subfield>
    <subfield code="b">N.Delhi</subfield>
    <subfield code="k">-</subfield>
    <subfield code="e">-</subfield>
  </datafield>
  <datafield tag="300" ind1=" " ind2=" ">
    <subfield code="a">242 &#x635;</subfield>
    <subfield code="c">22 cm(hb)</subfield>
  </datafield>
  <datafield tag="942" ind1=" " ind2=" ">
    <subfield code="2">ddc</subfield>
    <subfield code="c">UR</subfield>
    <subfield code="h">270.33</subfield>
    <subfield code="m">&#x646; &#x638; &#x627; </subfield>
  </datafield>
  <datafield tag="952" ind1=" " ind2=" ">
    <subfield code="0">0</subfield>
    <subfield code="1">0</subfield>
    <subfield code="4">0</subfield>
    <subfield code="7">0</subfield>
    <subfield code="8">NFIC</subfield>
    <subfield code="a">L</subfield>
    <subfield code="b">L</subfield>
    <subfield code="d">2019-12-11</subfield>
    <subfield code="e">BPPD/Ven.</subfield>
    <subfield code="g">50.00</subfield>
    <subfield code="l">0</subfield>
    <subfield code="o">270.33 &#x646; &#x638; &#x627;</subfield>
    <subfield code="p">A-442817</subfield>
    <subfield code="r">2019-12-11 00:00:00</subfield>
    <subfield code="t">1</subfield>
    <subfield code="v">50.00</subfield>
    <subfield code="w">2019-12-11</subfield>
    <subfield code="y">UR</subfield>
  </datafield>
</record>
